Aktívna legitimácia verejného ochrancu práv v judikatúre Ústavného súdu SR

Ústavna úprava verejného ochrancu práv.

Saved in:
Bibliographic Details
Main Author: Kanzelsberger, Jana
Format: Book Chapter
Language:Slovak
Subjects:
Tags: Add Tag
No Tags, Be the first to tag this record!

MARC

LEADER 00000naa a2200000 4500
001 0229724
005 20220719123406.8
041 0 |a slo 
044 |a SK 
245 1 0 |a Aktívna legitimácia verejného ochrancu práv v judikatúre Ústavného súdu SR  |c Jana Kanzelsberger 
520 |a Ústavna úprava verejného ochrancu práv. 
610 2 0 |a Slovensko 
610 2 0 |a úpravy právne 
610 2 0 |a ústava 
610 2 0 |a ochrana ľudských práv 
100 1 |a Kanzelsberger, Jana